000 00422nam a2200181Ia 4500
001 2982
005 20260306144847.0
008 260306t2013||||xx |||||||||||||| ||spa||
041 _aESP
082 _a239
_bL89
100 _aLoring, Jorge
_eAUT
245 0 _aPara salvarte:
_benciclopedia del católico del siglo XXI
260 _c2013
300 _a
_c
650 _aGEN
654 _aCHU
942 _cLIB
_dJUS
_fJUS
_2ddc
_n
999 _c2982
_d2982